|
|
|
|
| LEADER |
00000naa2a2200000 4500 |
| 001 |
627969 |
| 005 |
20231101133504.0 |
| 035 |
|
|
|a (RuTPU)RU\TPU\conf\28040
|
| 035 |
|
|
|a RU\TPU\conf\28039
|
| 090 |
|
|
|a 627969
|
| 100 |
|
|
|a 20181009d2018 k y0rusy50 ca
|
| 101 |
0 |
|
|a rus
|
| 102 |
|
|
|a RU
|
| 105 |
|
|
|a y z 100zy
|
| 135 |
|
|
|a drcn ---uucaa
|
| 181 |
|
0 |
|a i
|
| 182 |
|
0 |
|a b
|
| 200 |
1 |
|
|a Применение термопреобразоватей в системах контроля температуры при транспортировке обводненной нефти
|f Е. А. Андрианова, Ю. Е. Балахнин
|g науч. рук. Ю. К. Атрошенко
|
| 203 |
|
|
|a Текст
|c электронный
|
| 225 |
1 |
|
|a Энергосбережение, автоматизация объектов нефтегазовой промышленности
|
| 230 |
|
|
|a 1 компьютерный файл (pdf; 722 Kb)
|
| 300 |
|
|
|a Заглавие с экрана
|
| 320 |
|
|
|a [Библиогр.: с. 258 (9 назв.)]
|
| 461 |
|
1 |
|0 (RuTPU)RU\TPU\conf\27247
|t Проблемы геологии и освоения недр
|o труды XXII Международного симпозиума имени академика М. А. Усова студентов и молодых ученых, посвященного 155-летию со дня рождения академика В.А. Обручева, 135-летию со дня рождения академика М.А. Усова, основателей Сибирской горно-геологической школы, и 110-летию первого выпуска горных инженеров в Сибири, Томск, 2-7 апреля 2018 г.
|o в 2 т.
|f Национальный исследовательский Томский политехнический университет, Инженерная школа природных ресурсов ; под ред. А. С. Боева
|d 2018
|
| 463 |
|
1 |
|0 (RuTPU)RU\TPU\conf\27249
|t Т. 2
|v [С. 257-258]
|d 2018
|
| 610 |
1 |
|
|a труды учёных ТПУ
|
| 610 |
1 |
|
|a электронный ресурс
|
| 610 |
1 |
|
|a термопреобразователи сопротивления
|
| 610 |
1 |
|
|a системы контроля
|
| 610 |
1 |
|
|a температура
|
| 610 |
1 |
|
|a транспортировка
|
| 610 |
1 |
|
|a обводненные нефти
|
| 610 |
1 |
|
|a нефтяные пласты
|
| 610 |
1 |
|
|a водонефтяные эмульсии
|
| 610 |
1 |
|
|a товарные нефтепродукты
|
| 700 |
|
1 |
|a Андрианова
|b Е. А.
|
| 701 |
|
1 |
|a Балахнин
|b Ю. Е.
|
| 702 |
|
1 |
|a Атрошенко
|b Ю. К.
|c специалист в области теплоэнергетики
|c старший преподаватель Томского политехнического университета, инженер
|f 1989-
|g Юлиана Константиновна
|2 stltpush
|4 727
|
| 712 |
0 |
2 |
|a Национальный исследовательский Томский политехнический университет
|b Инженерная школа энергетики
|b Научно-образовательный центр И. Н. Бутакова (НОЦ И. Н. Бутакова)
|h 8025
|2 stltpush
|3 (RuTPU)RU\TPU\col\23504
|
| 801 |
|
2 |
|a RU
|b 63413507
|c 20181025
|g RCR
|
| 856 |
4 |
|
|u http://earchive.tpu.ru/handle/11683/51383
|
| 942 |
|
|
|c BK
|